1537 1779 1151 1869 1843 1888 1630 1447 1977 1793 1513 1820 1354 1578 1436 1826 1301 1039 1022 1056 1206 1828 1679 1301 1928 1335 1041 1832 1403 1255 1629 1811 1687 1381 1760 1574 1382 1802 1676 1717 1197 1043 1206 1634 1285 1448 1972 1843 1109 1367 1662 1835 1342 1104 1740 1620 1872 1175 1538 1688 1700 1737 1395 1330 1803 1374 1639 1507 1846 1999 1431 1522 1282 1381 1508 1644 1205 1880 1959 1105 1909 1225 1689 1528 1343 1120 1146 1077 1341 1250 1529 1057 1274 1334 1147 1995 1919 1603 1952 BCNSPRNW ULIB Ver.6.0+V

เปลี่ยนเป็นภาษาไทย

Change to English
 แสดงรายละเอียดบรรณานุกรม
  กลับหน้าหลัก

Brief Record : Get Marc (ISO 2709) : E-mail record : QR code < ปิดหน้าต่าง
LEADER : 00000nam 2200000uu 4500
001    13399115049
003     ULIB
008    020711s2006 th a 000 0 eng d
020    ^a0781791642
060    ^aQS4^bS671C
100    ^aRichard S. Snell
245    ^aClinical Anatomy by Systems/^cRichard S. Snell
250    ^a1St Editionth ed
260    ^aNew York :^bLippincott Williams & Wilkins,^c2006
300    ^a960 p. pages
650    Anatomy
945    ^p2600^l0^i022735
999    ^aวรรณษา ชูชัยมงคล
รายการนี้ยังไม่มีแท็ก
คุณยังไม่ได้ล็อกอิน คุณสามารถมีกิจกรรมร่วมกับเว็บไซต์ได้ แต่ต้องล็อกอินก่อน ::
  ล็อกอิน

รายการสื่อสารสนเทศ

ลำดับที่ ประเภท เลขเรียก/บาร์โค้ด สถานที่ สถานะ
- ไม่พบข้อมูล -

รายการใกล้เคียง
    หัวเรื่อง [Anatomy]

BibComment


ยังไม่เคยถูกคอมเมนท์

คอมเมนท์ทรัพยากรรายการนี้
  คอมเมนท์: Clinical Anatomy..


 Copyright 2026. Bcnsprnw @Library